Fire Safety of Historical Buildings (Record no. 115904)

MARC details
000 -LEADER
fixed length control field 01593cad a22002655a 4500
001 - CONTROL NUMBER
control field L159443
008 - FIXED-LENGTH DATA ELEMENTS--GENERAL INFORMATION
fixed length control field 081114s2017 cc abdof s 001 0 eng d
020 ## - INTERNATIONAL STANDARD BOOK NUMBER
International Standard Book Number 9783319557441
035 ## - SYSTEM CONTROL NUMBER
System control number (Sirsi) u159443
041 0# - LANGUAGE CODE
Language code of text/sound track or separate title eng
050 04 - LIBRARY OF CONGRESS CALL NUMBER
Classification number 690.241 $2 18
100 1# - MAIN ENTRY--PERSONAL NAME
Personal name Bernardini, Gabriele
245 00 - TITLE STATEMENT
Title Fire Safety of Historical Buildings
Remainder of title traditional versus innovative "behavioural design" solutions by using wayfinding systems
Medium [electronic resource]
260 ## - PUBLICATION, DISTRIBUTION, ETC.
Place of publication, distribution, etc. Cham
Name of publisher, distributor, etc. Springer Verlag
Date of publication, distribution, etc. 2017
520 ## - SUMMARY, ETC.
Summary, etc. Applies a behavioural point of view to individuals? fire safety in historic buildings. It outlines theoretical and operative issues, based on recent studies and international guidelines. Firstly, critical issues for Building Heritage fire safety are widely discussed, by including the modelling of human factor and man-environment-fire interference in these architectural spaces. A significant part of the book includes a discussion on emergency modelling and simulation. A source code for representing the fire evacuation process (including man-evacuation facilities interactions) is offered to the reader. Methods for effectiveness assessment of risk-reducing solutions are provided and tested in a case-study.
521 ## - TARGET AUDIENCE NOTE
Target audience note Advanced
650 ## - SUBJECT ADDED ENTRY--TOPICAL TERM
Topical term or geographic name entry element HISTORIC BUILDINGS
650 ## - SUBJECT ADDED ENTRY--TOPICAL TERM
Topical term or geographic name entry element FIRE SAFETY
651 #4 - SUBJECT ADDED ENTRY--GEOGRAPHIC NAME
Geographic name Italia = Italy
Chronological subdivision 1992-
690 ## - LOCAL SUBJECT ADDED ENTRY--TOPICAL TERM (OCLC, RLIN)
Topical term or geographic name as entry element Health and safety
9 (RLIN) 6244
690 ## - LOCAL SUBJECT ADDED ENTRY--TOPICAL TERM (OCLC, RLIN)
Topical term or geographic name as entry element Conservation and restoration
700 1# - ADDED ENTRY--PERSONAL NAME
Personal name Kacprzyk, Janusz
856 40 - ELECTRONIC LOCATION AND ACCESS
Uniform Resource Identifier <a href="https://www.vlebooks.com/">https://www.vlebooks.com/</a>
Public note View on VLEbooks. Logins for members only from [email protected]
942 ## - ADDED ENTRY ELEMENTS (KOHA)
Suppress in OPAC 0
Source of classification or shelving scheme Dewey Decimal Classification
Holdings
Withdrawn status Lost status Source of classification or shelving scheme Damaged status Not for loan Home library Current library Shelving location Date acquired Total Checkouts Full call number Barcode Date last seen Copy number Price effective from Koha item type
    Dewey Decimal Classification     Virtual Virtual Online 20/07/2017   ONLINE PUBLICATION 159443-2001 06/08/2019 1 06/08/2019 Book